000 01058nam a22002537a 4500
005 20110913152830.0
008 110913t xxu||||| |||| 00| 0 mar d
010 _aMAR-21380
020 _c140.00
_a8172942796
035 _aMR-14038
037 _bDBAD/PUB
040 _aDPL
_bMR
082 _a891.463
100 _934729
_aशिरवळकर,सुहास
245 _aमास्टर प्लॅन /
_cसुहास शिरवळकर
246 _aMaster Plan
_bby Suhas Shilvalkar
260 _aपुणे
_bदिलीपराज प्रकाशन
_c2011
270 _bपुणे
_a251 क,शनिवार पेठ
_e411030
300 _a144पृ.
_c18सेमी(अजिल्द)
650 _aमराठी कादंबरी
_934816
650 _aMarathi Fiction
_934817
942 _2ddc
_cMR
_mशिरव
_h891.463
999 _c56939
_d56939